Alvar Aalto
Wedi'i Gadw mewn:
| Prif Awdur: | |
|---|---|
| Fformat: | Llyfr |
| Iaith: | Saesneg |
| Cyhoeddwyd: |
Nueva York
George Braziller
1960
|
| Cyfres: | <The >Masters of World Architecture Series
|
| Pynciau: | |
| Tagiau: |
Ychwanegu Tag
Dim Tagiau, Byddwch y cyntaf i dagio'r cofnod hwn!
|
MARC
| LEADER | 00000nam a2200000 a 4500 | ||
|---|---|---|---|
| 001 | UCT1661 | ||
| 003 | CL-VaPUC | ||
| 008 | 961004e19600000US |||||||||||||||||eng|d | ||
| 082 | 0 | 4 | |a 720.92 |b GUT |2 21 |
| 100 | |a Gutheim, Frederick |e author |9 370621 | ||
| 245 | 1 | 0 | |a Alvar Aalto |
| 300 | |a 128 p | ||
| 942 | |c BK | ||
| 945 | |d 19961004 00:00:00 |a nastorga | ||
| 260 | |a Nueva York |b George Braziller |c 1960 | ||
| 600 | 0 | 7 | |a ALVAR AALTO, HUGO HENRIK |2 CL-VaPUC |9 370622 |
| 650 | 0 | |a Arquitectura |9 804558 | |
| 650 | 0 | |a Arquitectos |9 268647 | |
| 650 | 7 | |a ESTRUCTURAS ARQUITECTONICAS |2 CL-VaPUC |9 370624 | |
| 650 | 0 | |a Diseño arquitectónico |9 265271 | |
| 583 | |a last modification |c 19961004 00:00:00 |k Rodrigo Vera | ||
| 490 | 0 | |a <The >Masters of World Architecture Series | |
| 999 | |c 252124 |d 252122 | ||
| 952 | |0 0 |1 0 |2 ddc |4 0 |6 720_920000000000000_GUT_1960 |7 0 |8 A |9 271815 |a BIBARQ |b BIBARQ |c PAC |d 2019-11-19 |i 3234975 |l 1 |o 720.92 GUT 1960 |p 3234975 |r 2025-01-20 |s 2023-05-31 |w 2019-11-19 |y BK |k ARQ | ||